| 000 | 00849nam a2200217Ia 4500 | ||
|---|---|---|---|
| 999 |
_c40182 _d40182 |
||
| 001 | 6788 | ||
| 003 | GE_BSU | ||
| 005 | 20200113170139.0 | ||
| 008 | 181216s||||||||xx |||||||||||||| ||und|| | ||
| 040 | _cGE_BSU | ||
| 041 | _ageo | ||
| 080 | _a821.353.1-32 გ-59 | ||
| 100 |
_aგოგიავა, კლიმენტი. _95998 |
||
| 245 |
_aგიგას შვილები : _bრომანი / _cკლიმენტი გოგიავა ; რედ. ბ. მირცხულავა. |
||
| 264 |
_aთბილისი : _bსაბჭ.საქართველო, _c1963. |
||
| 300 |
_a232 გვ. : _bილ. ; _c20 სმ. |
||
| 653 | _aგიგას შვილები | ||
| 653 | _aრომანი | ||
| 700 |
_aმირცხულავა, ბ. _eრედაქტორი _96089 |
||
| 942 |
_cBK _2udc |
||